000 00864nas a2200277 4500
001 BR2013010723
003 BR-BrBNA
005 20231205123520.0
007 ta
008 230509b bl.|||p| |||| 00| 00por d
040 _aBR-BrBNA
_bpor
_cBiblioteca Nacional de Agricultura
041 _a(Pt)
072 _aF60
100 1 _aReis, T.H.P.
100 1 _aFurtini Neto, A.E.
100 1 _aGuimarães, P.T.G.
100 1 _aGuerra, A.F.
100 1 _aOliveira, C.H.C.
245 1 _aEstado nutricional e frações foliares de P no cafeeiro em função da adubação fosfatada
650 _aCAFÉ
650 _aFERTILIZANTE FOSFATADO
650 _aPRODUTIVIDADE
773 0 _tPesquisa Agropecuária Brasileira (Brazil)
_xISSN 0100-204X
_g(Jul 2013), v. 48(7) p. 765-773
_wBR2013010723
909 _a202311
_bLúcia
_c55
_dLúcia Elande
942 _2AGRIS
_n0
_cANA
999 _c234302
_d234302